| 000 | 01939nam a22002537a 4500 | ||
|---|---|---|---|
| 999 |
_c58929 _d58929 |
||
| 003 | Ge_BSU | ||
| 005 | 20221021130928.0 | ||
| 008 | 221020s2020 ge ||||| |||| 00| 0 geo d | ||
| 020 | _a1987-9288. | ||
| 041 | _ageo | ||
| 080 | _a001(479.22)(058) წ-35 | ||
| 245 |
_aწელიწდეული : XII : _bეძღვნება ცნობილი ქართველოლოგის, საქართველოს სახელმწიფოებრივი დამოუკიდებლობის აქტზე ხელმომწერი საქართველოს უზენაესი საბჭოს დეპუტატის, ფილოლოგიის მეცნიერებათა დოქტორის, პროფესორ ტარიელ ფუტკარაძის სამოცი წლის იუბილეს _cპროექტის დირექტორი გრიგოლ ქობალიანი; რედ. ნომადი ბართაია, ლევან ბებურიშვილი და სხვ. |
||
| 264 |
_aქუთაისი, _c2020. |
||
| 300 |
_a289 გვ.; _b24 სმ. |
||
| 500 | _aპარალ. სათ. ინგლ. | ||
| 504 | _aბიბლიოგრ. თავების ბოლოს | ||
| 653 | _aწელიწდეული | ||
| 653 | _aტარიელ ფუტკარაძე | ||
| 700 |
_aქობალიანი, გრიგოლ _eპროექტის დირექტორი _913620 |
||
| 700 |
_aბართაია, ნომადი _eრედაქტორი _92416 |
||
| 700 |
_aბებურიშვილი, ლევან და სხვ. _eრედაქტორი _915382 |
||
| 856 |
_uhttps://dspace.nplg.gov.ge/bitstream/1234/371091/5/Weliwdeuli_2020_N12.pdf _yელ. ვერსია, pdf |
||
| 942 |
_2udc _cBK |
||